Fàbriques i empresaris : els protagonistes de la Revolució Industrial a Catalunya / Francesc Cabana els protagonistes de la Revolució Industrial a Catalunya / Francesc Cabana
MARC
| LEADER | 00000nam a2200000Ia 4500 | ||
|---|---|---|---|
| 001 | 13247, 13248, 13249, 13250 | ||
| 008 | 160829s2001 xx 000 0 cat d | ||
| 020 | |a 84-7794-801-1 (o.c.), 84-7794-769-1(v.1), 84-7794-797-X (v.2), 84-7794-798-8 (v.3), 84-7794-799-6 (v.4) | ||
| 080 | |a C-2-213, C-2-214, C-2-215, C-2-216 | ||
| 100 | |a Cabana i Vancells, Francesc |9 36109 | ||
| 245 | |a Fàbriques i empresaris : |b els protagonistes de la Revolució Industrial a Catalunya / Francesc Cabana | ||
| 260 | |a Barcelona : |b Diputació de Barcelona : |b Enciclopèdia Catalana, |c 2001 | ||
| 300 | |a 4 v. : |b il. col. ; |c 28 cm | ||
| 590 | |a Conté: v. 1: Metal·lúrgics. Químics; v. 2: Cotoners; v. 3: Llana, Seda, Gènere de punt, Lli, Jute, Acabats; v. 4: Arts gràfiques, paper, ciment, materials per a la construcció, alimentació, suro, pell | ||
| 650 | |a Indústria |x Catalunya |x Història |9 36110 | ||
| 650 | |a Revolució industrial |x Catalunya |9 36111 | ||
| 650 | |a Metal·lúrgia |x Catalunya |x Història |x S. XIX/XX I |9 36112 | ||
| 650 | |a Indústria química |x Catalunya |x Història |x S. XIX/XX |9 36113 | ||
| 650 | |a Empreses |x Catalunya |x Història |9 36114 | ||
| 650 | |a Indústria tèxtil |x Catalunya |x Història |9 28740 | ||
| 650 | |a Arts gràfiques |x Catalunya |x Història |9 36115 | ||
| 901 | |a Arxiu | ||
| 942 | |n 1 | ||
| 952 | |0 0 |1 0 |4 0 |6 C2213_C2214_C2215_C2216 |7 1 |9 47178 |a Arxiu |b Arxiu |d 2016-12-01 |l 0 |o C-2-213, C-2-214, C-2-215, C-2-216 |p 13247, 13248, 13249, |r 2016-12-01 00:00:00 |w 2016-12-01 |y ARXIU | ||
| 999 | |c 50975 |d 50975 | ||